[Event "Kienberg op-B Seniors 1st"]
[Site "Freudenstadt"]
[Date "2003.09.21"]
[Round "8"]
[White "Leutz, Hans"]
[Black "Siegl, Wolfgang"]
[Result "1-0"]
[WhiteElo "1752"]
[BlackElo "1629"]
[PlyCount "77"]
[EventDate "2003.09.??"]
[EventType "swiss"]
[EventRounds "9"]
[EventCountry "GER"]
[SourceTitle "EXT 2006"]
[Source "ChessBase"]
[SourceDate "2005.11.24"]
[SourceVersion "1"]
[SourceVersionDate "2005.11.24"]
[SourceQuality "1"]

1. d4 Nf6 2. Nf3 e6 3. e3 c5 4. Bd3 Nc6 5. c3 b6 6. Nbd2 Bb7 7. 0-0 Be7 8. Re1 0-0 9. e4 cxd4 10. cxd4 Nb4 11. Bb1 d6 12. a3 Nc6 13. b4 b5 14. Nb3 Re8 15. Qd3 g6 16. Qxb5 a6 17. Qe2 Rc8 18. Bd3 a5 19. b5 Na7 20. a4 Rc3 21. Rb1 d5 22. Nfd2 Bb4 23. e5 Nd7 24. Bb2 Rc7 25. Rec1 Nb6 26. Rxc7 Qxc7 27. Rc1 Qe7 28. Nc5 Bxc5 29. dxc5 Nxa4 30. Bd4 Ba8 31. Qd1 Qg5 32. Ra1 Nxc5 33. Bxc5 d4 34. Nf3 Bxf3 35. Qxf3 Nxb5 36. Bxb5 Rb8 37. Bf1 Qxe5 38. Rxa5 Qc7 39. Ra7 1-0

[Event "Schwarzach op-C 18th"]
[Site "Salzburg"]
[Date "2003.08.31"]
[Round "9.3"]
[White "Siegl, Wolfgang"]
[Black "Schmidt, Walter"]
[Result "1-0"]
[WhiteElo "1606"]
[BlackElo "1599"]
[PlyCount "83"]
[EventDate "2003.08.23"]
[EventType "swiss"]
[EventRounds "9"]
[EventCountry "AUT"]
[SourceTitle "EXT 2004"]
[Source "ChessBase"]
[SourceDate "2003.11.25"]
[SourceVersion "1"]
[SourceVersionDate "2003.11.25"]
[SourceQuality "1"]

1. d4 d5 2. Nf3 e6 3. g3 h6 4. Bg2 Nf6 5. 0-0 c6 6. b3 Nbd7 7. Nbd2 Bd6 8. c4 Nf8 9. Ne5 N8d7 10. f4 0-0 11. Bb2 Re8 12. Rc1 Bc7 13. Qc2 Bb6 14. Kh1 Nh7 15. Nxf7 Qe7 16. Ne5 Nxe5 17. fxe5 Bd7 18. Rf3 Ng5 19. Rf2 Rf8 20. Rcf1 Rxf2 21. Rxf2 Rf8 22. Rxf8+ Qxf8 23. Kg1 c5 24. e3 Bc6 25. h4 cxd4 26. exd4 Nf7 27. Qg6 Qe7 28. c5 Ba5 29. Nf3 Be8 30. Qd3 b6 31. Qa6 Qc7 32. a3 bxc5 33. Qxe6 Qc6 34. Qxc6 Bxc6 35. dxc5 Nd8 36. b4 Bc7 37. Kf2 Ne6 38. Bh3 Kf7 39. Bxe6+ Kxe6 40. Nd4+ Kxe5 41. Nxc6+ Ke4 42. Bxg7 1-0

[Event "Schwarzach op-C 18th"]
[Site "Salzburg"]
[Date "2003.08.30"]
[Round "8.2"]
[White "Ljubic, Franjo Sr"]
[Black "Siegl, Wolfgang"]
[Result "1-0"]
[WhiteElo "1615"]
[BlackElo "1606"]
[PlyCount "95"]
[EventDate "2003.08.23"]
[EventType "swiss"]
[EventRounds "9"]
[EventCountry "AUT"]
[SourceTitle "EXT 2004"]
[Source "ChessBase"]
[SourceDate "2003.11.25"]
[SourceVersion "1"]
[SourceVersionDate "2003.11.25"]
[SourceQuality "1"]

1. e4 c5 2. Nf3 Nc6 3. d4 cxd4 4. Nxd4 Nf6 5. Nc3 e5 6. Ndb5 d6 7. Bg5 a6 8. Na3 b5 9. Nd5 Qa5+ 10. Bd2 Qd8 11. Nxf6+ Qxf6 12. c3 Be6 13. Nc2 Qg6 14. f3 Be7 15. Qe2 0-0 16. Ne3 Bg5 17. Qf2 Bxe3 18. Bxe3 Rad8 19. Bd3 f5 20. a4 f4 21. Bb6 Rb8 22. Bc7 Rb7 23. axb5 axb5 24. Ba5 b4 25. cxb4 Nxb4 26. Bxb4 Rxb4 27. 0-0 Rfb8 28. Rfb1 Qf7 29. Ra7 R4b7 30. Rxb7 Qxb7 31. b4 Kf8 32. b5 Qb6 33. Qxb6 Rxb6 34. Kf2 Ke7 35. Ke2 d5 36. exd5 Bxd5 37. Bxh7 Bc4+ 38. Bd3 Be6 39. Kd2 Kd6 40. Kc3 Kc5 41. Re1 Kd6 42. Kb4 Bc8 43. Be4 Bd7 44. Rd1+ Kc7 45. Rd5 Re6 46. Bf5 Rd6 47. Rxd6 Kxd6 48. Bxd7 1-0